Chirálne alfa-aminobutanolidy - syntetické aplikácie dizertačná práca

Gespeichert in:
Bibliographische Detailangaben
1. Verfasser: Ďuriš, Andrej, 1984-
Format: Buch
Sprache:Slowakisch
Veröffentlicht: Bratislava STU FCHPT 2012
Online-Zugang:Im OPAC anzeigen
Tags: Tag hinzufügen
Keine Tags, Fügen Sie das erste Tag hinzu!

MARC

LEADER 00000nam a2200000 a 4500
005 20260127134107.0
008 150202 2012 000 0 slo d
035 |a vtls010651259 
039 9 |a 202002241854  |b AUTHORITY  |c 201901281000  |d AUTHORITY  |c 201901280953  |d csnkv15  |y 201502021147  |z mschk03 
040 |a STUSCHK1  |b slo  |c STUSCHK1  |e AACR2 
100 1 |a Ďuriš, Andrej,  |d 1984-  |9 57 
245 1 |a Chirálne alfa-aminobutanolidy - syntetické aplikácie  |b dizertačná práca  |c Andrej Ďuriš 
260 |a Bratislava  |b STU FCHPT  |c 2012 
300 |a 190 s.  |b il.  |c 30 cm 
500 |a Študijný program a odbor: organická chémia 
500 |a Školiace pracovisko: Odd. organickej chémie 
910 |a SCHK95 
999 |c 3921  |d 3921